| 000 | 00390nam a2200145Ia 4500 | ||
|---|---|---|---|
| 008 | 230711s9999||||xx |||||||||||||| ||und|| | ||
| 041 | _aENG | ||
| 082 |
_a720 _bHE-A |
||
| 100 | _aHenry J Cown | ||
| 245 | 0 | _aArchitectural structural order in space and design source book | |
| 250 | _a1st | ||
| 260 |
_c1989 _aNew Delhi _bNirja Const & Development co.Ltd |
||
| 650 | _aArchitecture | ||
| 942 | _cBK | ||
| 999 |
_c48 _d48 |
||